| Record ID | ia:exchange2000serv00mcbe |
| Source | Internet Archive |
| Download MARC XML | https://archive.org/download/exchange2000serv00mcbe/exchange2000serv00mcbe_marc.xml |
| Download MARC binary | https://www.archive.org/download/exchange2000serv00mcbe/exchange2000serv00mcbe_meta.mrc |
LEADER: 00948cam 2200277 a 4500
001 2002280192
003 DLC
005 20020930170650.0
008 020411s2002 caua 001 0 eng c
010 $a 2002280192
035 $a(OCoLC)ocm47636502
040 $aUKM$cUKM$dKLG$dTXA$dDLC
015 $aGBA1-W5667
020 $a0782127975
042 $apcc
050 00 $aQA76.9.C55$bM425 2002
082 00 $a005.7/13769$221
100 1 $aMcBee, Jim.
245 10 $aExchange 2000 server :$b24seven /$cJim McBee.
260 $aSan Francisco ;$aLondon :$bSYBEX,$cc2002.
300 $axxix, 911 p. :$bill. ;$c23 cm.
440 0 $a24seven
520 $aThis guide to Exchange 2000 Server covers issues such as integrating migration, backup and recovery, streamlining daily maintenance, client and server automation, and securing servers against attack.
500 $aIncludes index.
630 00 $aMicrosoft Exchange server.
650 0 $aClient/server computing.